Land Registration Act (Record no. 73500)
[ view plain ]
| 000 -LEADER | |
|---|---|
| fixed length control field | 01825cam a2200361 4500 |
| 001 - CONTROL NUMBER | |
| control field | ABS67102 |
| 008 - FIXED-LENGTH DATA ELEMENTS--GENERAL INFORMATION | |
| fixed length control field | 030930n2003 000 0 eng u |
| 035 ## - SYSTEM CONTROL NUMBER | |
| System control number | (Sirsi) u123775 |
| 100 ## - MAIN ENTRY--PERSONAL NAME | |
| Personal name | Colby, A. |
| 245 ## - TITLE STATEMENT | |
| Title | Land Registration Act |
| 260 ## - PUBLICATION, DISTRIBUTION, ETC. | |
| Date of publication, distribution, etc. | 2003 |
| 490 ## - SERIES STATEMENT | |
| Series statement | Estates Gazette |
| Volume/sequential designation | (0336) 6 September 2003, 106-108(3) |
| 490 ## - SERIES STATEMENT | |
| Series statement | Estates Gazette |
| Volume/sequential designation | (0337) 13 September 2003, 132-134(3) |
| 490 ## - SERIES STATEMENT | |
| Series statement | Estates Gazette |
| Volume/sequential designation | (0338) 20 September 2003, 140-142(3) |
| 490 ## - SERIES STATEMENT | |
| Series statement | Estates Gazette |
| Volume/sequential designation | (0339) 27 September 2003, 112-114(3) |
| 520 ## - SUMMARY, ETC. | |
| Summary, etc. | A series of four articles assessing the practical implications of the Land Registration Act 2003 which comes into force on 13 October 2003. The first article considers the impact of the Act on the registration of leases and overriding interests including a new requirement for their disclosure. Explains the procedure for the designation of exempt information documents and the application of the Land Registration Rules 2003 Rule 131. The second article looks at the consequences of the abolition of land and charge certificates and the effect of the Act on mortgages. The third article look at how the Act affects adverse possess whilst the fourth considers the provision relating to the registration of easements. Includes case studies. Refers to case law throughout where appropriate. |
| 590 ## - LOCAL NOTE (RLIN) | |
| Local note | ABS |
| 650 ## - SUBJECT ADDED ENTRY--TOPICAL TERM | |
| Topical term or geographic name entry element | LAND REGISTRATION ACT 2002 |
| 650 ## - SUBJECT ADDED ENTRY--TOPICAL TERM | |
| Topical term or geographic name entry element | LAND REGISTRATION |
| 650 ## - SUBJECT ADDED ENTRY--TOPICAL TERM | |
| Topical term or geographic name entry element | REGISTRATION OF TITLE |
| 650 ## - SUBJECT ADDED ENTRY--TOPICAL TERM | |
| Topical term or geographic name entry element | LEASES |
| 650 ## - SUBJECT ADDED ENTRY--TOPICAL TERM | |
| Topical term or geographic name entry element | OVERRIDING INTEREST |
| 650 ## - SUBJECT ADDED ENTRY--TOPICAL TERM | |
| Topical term or geographic name entry element | LAND REGISTRATION RULES 2003 |
| 650 ## - SUBJECT ADDED ENTRY--TOPICAL TERM | |
| Topical term or geographic name entry element | LAND CERTIFICATES |
| 650 ## - SUBJECT ADDED ENTRY--TOPICAL TERM | |
| Topical term or geographic name entry element | CHARGE CERTIFICATES |
| 650 ## - SUBJECT ADDED ENTRY--TOPICAL TERM | |
| Topical term or geographic name entry element | ADVERSE POSSESSION |
| 650 ## - SUBJECT ADDED ENTRY--TOPICAL TERM | |
| Topical term or geographic name entry element | EASEMENTS |
| 690 ## - LOCAL SUBJECT ADDED ENTRY--TOPICAL TERM (OCLC, RLIN) | |
| Topical term or geographic name as entry element | PROPERTY |
| 700 ## - ADDED ENTRY--PERSONAL NAME | |
| Personal name | Dowden, M. |
| 700 ## - ADDED ENTRY--PERSONAL NAME | |
| Personal name | Fenn, K. |
| 700 ## - ADDED ENTRY--PERSONAL NAME | |
| Personal name | Williams, P. |
| 942 ## - ADDED ENTRY ELEMENTS (KOHA) | |
| Suppress in OPAC | 0 |
| Withdrawn status | Lost status | Source of classification or shelving scheme | Damaged status | Not for loan | Home library | Current library | Shelving location | Date acquired | Total Checkouts | Full call number | Barcode | Date last seen | Copy number | Price effective from | Koha item type |
|---|---|---|---|---|---|---|---|---|---|---|---|---|---|---|---|
| Dewey Decimal Classification | London | London | Journal article | 30/09/2003 | ABS67102 | 123775-1001 | 06/08/2019 | 1 | 06/08/2019 | Journal article |